[Event "Windsor NAYCC U16"]
[Site "Windsor"]
[Date "2016.08.09"]
[Round "5.30"]
[White "Chen, Richard"]
[Black "Miyasaka, Matthew Shoji"]
[Result "1-0"]
[WhiteElo "2155"]
[BlackElo "1971"]
[PlyCount "85"]
[EventDate "2016.08.07"]
[EventType "swiss"]
[EventRounds "9"]
[EventCountry "CAN"]
[SourceTitle "EXT 2022"]
[Source "ChessBase"]
[SourceDate "2021.10.06"]
[SourceVersion "1"]
[SourceVersionDate "2021.10.06"]
[SourceQuality "1"]

1. e4 c5 2. Ne2 d6 3. g3 g6 4. Bg2 Bg7 5. c3 Nc6 6. d4 cxd4 7. cxd4 Qb6 8. Nbc3 Nf6 9. 0-0 h5 10. d5 Ne5 11. Be3 Qd8 12. Bd4 Ned7 13. f4 Nb6 14. a4 0-0 15. a5 Nbd7 16. h3 Qc7 17. Nb5 Qc4 18. Na3 Qc7 19. b4 b6 20. Rc1 Qd8 21. e5 Ne8 22. e6 Ndf6 23. axb6 axb6 24. Nc4 Rb8 25. f5 fxe6 26. fxe6 Bh6 27. Nf4 Bxf4 28. Rxf4 Ba6 29. Ne3 Rc8 30. Rxc8 Qxc8 31. Qb1 Kh7 32. g4 hxg4 33. Nxg4 Be2 34. Qe1 Bxg4 35. hxg4 Kg8 36. g5 Nh7 37. Rxf8+ Nxf8 38. Qf1 Nxe6 39. Bh3 N8c7 40. dxe6 Qe8 41. Qf4 Nb5 42. Bb2 d5 43. Be5 1-0

[Event "Windsor NAYCC U16"]
[Site "Windsor"]
[Date "2016.08.09"]
[Round "4.31"]
[White "Song, Ziyuan"]
[Black "Chen, Richard"]
[Result "1/2-1/2"]
[WhiteElo "2147"]
[BlackElo "2155"]
[PlyCount "41"]
[EventDate "2016.08.07"]
[EventType "swiss"]
[EventRounds "9"]
[EventCountry "CAN"]
[SourceTitle "EXT 2022"]
[Source "ChessBase"]
[SourceDate "2021.10.06"]
[SourceVersion "1"]
[SourceVersionDate "2021.10.06"]
[SourceQuality "1"]

1. Nf3 Nf6 2. d4 e6 3. Bf4 b6 4. e3 Bb7 5. c3 d6 6. h3 Nbd7 7. Nbd2 Qe7 8. Qa4 g6 9. Bd3 Bg7 10. e4 0-0 11. 0-0 e5 12. Bh2 a6 13. Qc2 a5 14. Rfe1 Ba6 15. Bxa6 Rxa6 16. a4 Raa8 17. Rad1 Rfe8 18. dxe5 dxe5 19. Nc4 Qc5 20. b3 h6 21. Rd2 1/2-1/2

[Event "Windsor NAYCC U16"]
[Site "Windsor"]
[Date "2016.08.08"]
[Round "3.33"]
[White "Chen, Richard"]
[Black "Fields, Noah Dennis"]
[Result "1-0"]
[WhiteElo "2155"]
[BlackElo "1963"]
[PlyCount "73"]
[EventDate "2016.08.07"]
[EventType "swiss"]
[EventRounds "9"]
[EventCountry "CAN"]
[SourceTitle "EXT 2022"]
[Source "ChessBase"]
[SourceDate "2021.10.06"]
[SourceVersion "1"]
[SourceVersionDate "2021.10.06"]
[SourceQuality "1"]

1. e4 c5 2. Nf3 e6 3. d4 cxd4 4. Nxd4 a6 5. Bd3 Bc5 6. Nb3 Be7 7. Qg4 g6 8. Qe2 Bf6 9. f4 Nc6 10. c3 Nge7 11. Be3 d6 12. N1d2 b5 13. 0-0 0-0 14. Nf3 e5 15. Rad1 Qc7 16. Qf2 Bg7 17. fxe5 Nxe5 18. Nxe5 dxe5 19. Bb6 Qc6 20. Na5 Qe8 21. Bc2 Be6 22. Bc5 f6 23. Qd2 Qf7 24. Qd6 Rfe8 25. Bb3 Bxb3 26. axb3 f5 27. Qd7 f4 28. Nb7 Qf6 29. Rd6 Qg5 30. Re6 Bf8 31. Bd6 f3 32. Rxf3 Bh6 33. Ref6 Qc1+ 34. Rf1 Qe3+ 35. Kh1 Bg7 36. Rf7 Qd3 37. Rxg7+ 1-0

[Event "Windsor NAYCC U16"]
[Site "Windsor"]
[Date "2016.08.07"]
[Round "1.32"]
[White "Chen, Richard"]
[Black "Saha, Ananda"]
[Result "1/2-1/2"]
[WhiteElo "2155"]
[BlackElo "1920"]
[PlyCount "42"]
[EventDate "2016.08.07"]
[EventType "swiss"]
[EventRounds "9"]
[EventCountry "CAN"]
[SourceTitle "EXT 2022"]
[Source "ChessBase"]
[SourceDate "2021.10.06"]
[SourceVersion "1"]
[SourceVersionDate "2021.10.06"]
[SourceQuality "1"]

1. e4 c5 2. Nf3 e6 3. d4 cxd4 4. Nxd4 a6 5. Bd3 Bc5 6. Nb3 Be7 7. Qg4 Bf6 8. f4 d6 9. Qe2 Nc6 10. c3 Nge7 11. Be3 g6 12. N1d2 e5 13. g3 Bg7 14. 0-0-0 b5 15. Kb1 Qc7 16. c4 0-0 17. cxb5 axb5 18. Bxb5 Be6 19. Nc4 Rfb8 20. Na3 Qb7 21. Bc4 Bxc4 1/2-1/2

[Event "World ol U16"]
[Site "Poprad"]
[Date "2016.07.29"]
[Round "9.1"]
[White "Raghunandan, Kaumandur Srihari"]
[Black "Chen, Richard"]
[Result "1-0"]
[WhiteElo "2403"]
[BlackElo "2259"]
[PlyCount "63"]
[EventDate "2016.07.22"]
[EventType "team-swiss"]
[EventRounds "9"]
[EventCountry "SVK"]
[SourceTitle "EXT 2017"]
[Source "ChessBase"]
[SourceDate "2016.10.25"]
[SourceVersion "1"]
[SourceVersionDate "2016.10.25"]
[SourceQuality "1"]
[WhiteTeam "India"]
[BlackTeam "Canada"]
[WhiteTeamCountry "IND"]
[BlackTeamCountry "CAN"]

1. d4 e6 2. c4 Bb4+ 3. Bd2 a5 4. Nc3 f5 5. e4 Bxc3 6. Bxc3 fxe4 7. Qg4 Qe7 8. Qxe4 Nf6 9. Qh4 Nc6 10. Bd3 b6 11. Bg6+ Kd8 12. Nf3 Qf8 13. Be4 d5 14. Ne5 Ne7 15. Bf3 Bb7 16. 0-0 Nf5 17. Qg5 Rg8 18. cxd5 h6 19. dxe6 hxg5 20. Bxb7 g6 21. Bxa8 Ke7 22. Bc6 Qh6 23. d5 Ne4 24. Nf7 Qh5 25. Be5 Ned6 26. Rac1 Rb8 27. Rfe1 Qh4 28. Rc3 Ne4 29. Rxe4 Qxe4 30. d6+ cxd6 31. Bxe4 dxe5 32. Nxe5 1-0

[Event "World ol U16"]
[Site "Poprad"]
[Date "2016.07.27"]
[Round "6.1"]
[White "Keinanen, Toivo"]
[Black "Chen, Richard"]
[Result "1/2-1/2"]
[WhiteElo "2274"]
[BlackElo "2259"]
[PlyCount "128"]
[EventDate "2016.07.22"]
[EventType "team-swiss"]
[EventRounds "9"]
[EventCountry "SVK"]
[SourceTitle "EXT 2017"]
[Source "ChessBase"]
[SourceDate "2016.10.25"]
[SourceVersion "1"]
[SourceVersionDate "2016.10.25"]
[SourceQuality "1"]
[WhiteTeam "Finland"]
[BlackTeam "Canada"]
[WhiteTeamCountry "FIN"]
[BlackTeamCountry "CAN"]

1. c4 e5 2. g3 Nc6 3. Nc3 g6 4. Bg2 Bg7 5. e4 d6 6. Nge2 f5 7. d3 Nf6 8. 0-0 0-0 9. Nd5 f4 10. gxf4 Nh5 11. fxe5 dxe5 12. Be3 Nd4 13. Ng3 c6 14. Nxh5 gxh5 15. Nc3 h4 16. h3 Be6 17. f3 Rf7 18. Ne2 Qd7 19. Kh2 Qd6 20. Bxd4 exd4+ 21. f4 Raf8 22. Qe1 Rxf4 23. Nxf4 Rxf4 24. Kh1 Rxf1+ 25. Qxf1 Qe5 26. Qf2 Bf8 27. Qxh4 Bd6 28. Kg1 Qh2+ 29. Kf1 Bf4 30. Re1 Be3 31. Rxe3 dxe3 32. Qg5+ Kf7 33. Qxe3 Qe5 34. Qf2+ Kg7 35. Kg1 c5 36. Bf1 b6 37. b3 Kg6 38. Kg2 Qc3 39. Be2 Kg7 40. Qg3+ Kh8 41. Qf4 Qg7+ 42. Kh2 Qb2 43. Qf8+ Bg8 44. Kg3 Qe5+ 45. Qf4 Qg7+ 46. Kf2 Qd4+ 47. Qe3 Qf6+ 48. Kg2 Qg7+ 49. Qg3 Qb2 50. Kf3 Bf7 51. Qg5 Qxa2 52. Qf6+ Kg8 53. Qd8+ Kg7 54. Qg5+ Kf8 55. e5 Qa1 56. Qh6+ Kg8 57. e6 Bg6 58. Qh4 Qe5 59. Qd8+ Kg7 60. Qe7+ Kg8 61. Kf2 Qd4+ 62. Kg2 Qb2 63. Qd8+ Kg7 64. Kf2 Qf6+ 1/2-1/2